| 000 | 00360nam a2200109Ia 4500 | ||
|---|---|---|---|
| 008 | 171211s9999 xx 000 0 und d | ||
| 245 | _aBenefactives and Malefactives: Typological perspectives and case studies | ||
| 245 | _cFernando Zúñiga and Seppo Kittilä | ||
| 260 | _c2010 | ||
| 650 | _xCULTURE | ||
| 856 | _uhttp://down.ebook777.com/063/9789027206732.pdf | ||
| 999 |
_c347784 _d347784 |
||